Расчет импульсных источников тока с индуктивными накопителями энергии; Известия Томского политехнического университета [Известия ТПУ]; Т. 311, № 4 : Энергетика

Bibliographische Detailangaben
Parent link:Известия Томского политехнического университета [Известия ТПУ]/ Томский политехнический университет (ТПУ).— , 2000-
Т. 311, № 4 : Энергетика.— 2007.— [С. 72-76]
1. Verfasser: Носов Г. В. Геннадий Васильевич
Zusammenfassung:Заглавие с титульного листа
Электронная версия печатной публикации
Получены формулы для расчета эффективности и параметров импульсных источников тока при зарядке и разрядке индуктивного накопителя энергии на активную нагрузку. Для зарядки индуктивного накопителя рассмотрены аккумуляторные и конденсаторные батареи, униполярные и синхронные с выпрямителем электромашинные генераторы, у которых схему замещения можно представить последовательным соединением эквивалентной емкости, индуктивности и сопротивления. Получены формулы для расчета параметров индуктивного накопителя в виде многослойной катушки, при которых достигается высокая эффективность зарядки. Показано, что наиболее эффективны импульсные источники тока при колебательной зарядке индуктивного накопителя, когда более 50 % энергии генератора может быть передано нагрузке.
Sprache:Russisch
Veröffentlicht: 2007
Schriftenreihe:Энергетика
Schlagworte:
Online-Zugang:http://www.lib.tpu.ru/fulltext/v/Bulletin_TPU/2007/v311/i4/15.pdf
Format: Elektronisch Buchkapitel
KOHA link:https://koha.lib.tpu.ru/cgi-bin/koha/opac-detail.pl?biblionumber=172594

MARC

LEADER 00000nla2a2200000 4500
001 172594
005 20240209144518.0
035 |a (RuTPU)RU\TPU\book\187165 
035 |a RU\TPU\book\187157 
090 |a 172594 
100 |a 20091215d2007 k y0rusy50 ca 
101 0 |a rus 
102 |a RU 
135 |a drnn ---uucaa 
181 0 |a i  
182 0 |a b 
200 1 |a Расчет импульсных источников тока с индуктивными накопителями энергии  |f Г. В. Носов 
203 |a Текст  |c электронный 
215 |a 1 файл (395 Кб) 
225 1 |a Энергетика 
300 |a Заглавие с титульного листа 
300 |a Электронная версия печатной публикации 
320 |a [Библиогр.: с. 76 (6 назв.)] 
330 |a Получены формулы для расчета эффективности и параметров импульсных источников тока при зарядке и разрядке индуктивного накопителя энергии на активную нагрузку. Для зарядки индуктивного накопителя рассмотрены аккумуляторные и конденсаторные батареи, униполярные и синхронные с выпрямителем электромашинные генераторы, у которых схему замещения можно представить последовательным соединением эквивалентной емкости, индуктивности и сопротивления. Получены формулы для расчета параметров индуктивного накопителя в виде многослойной катушки, при которых достигается высокая эффективность зарядки. Показано, что наиболее эффективны импульсные источники тока при колебательной зарядке индуктивного накопителя, когда более 50 % энергии генератора может быть передано нагрузке. 
337 |a Adobe Reader 
461 1 |0 (RuTPU)RU\TPU\book\176237  |t Известия Томского политехнического университета [Известия ТПУ]  |f Томский политехнический университет (ТПУ)  |d 2000- 
463 1 |0 (RuTPU)RU\TPU\book\187129  |x 1684-8519  |t Т. 311, № 4 : Энергетика  |v [С. 72-76]  |d 2007  |p 158 с. 
610 1 |a расчеты 
610 1 |a импульсные источники 
610 1 |a ток 
610 1 |a индуктивные накопители 
610 1 |a энергия 
610 1 |a формулы 
610 1 |a параметры 
610 1 |a зарядка 
610 1 |a разрядка 
610 1 |a активная нагрузка 
610 1 |a аккумуляторные батареи 
610 1 |a конденсаторные батареи 
610 1 |a униполярные генераторы 
610 1 |a синхронные генераторы 
610 1 |a выпрямители 
610 1 |a электромашинные генераторы 
610 1 |a схемы замещения 
610 1 |a последовательное соединение 
610 1 |a эквивалентная емкость 
610 1 |a индуктивность 
610 1 |a сопротивление 
610 1 |a формулы 
610 1 |a многослойные катушки 
610 1 |a труды учёных ТПУ 
610 1 |a электронный ресурс 
700 1 |a Носов  |b Г. В.  |c специалист в области электротехники  |c доцент Томского политехнического университета, кандидат технических наук  |f 1954-  |g Геннадий Васильевич  |3 (RuTPU)RU\TPU\pers\25531  |9 11461 
801 1 |a RU  |b 63413507  |c 20090623  |g PSBO 
801 2 |a RU  |b 63413507  |c 20211116  |g PSBO 
856 4 |u http://www.lib.tpu.ru/fulltext/v/Bulletin_TPU/2007/v311/i4/15.pdf 
942 |c CF